Todas las estrellas solitarias / (Record no. 184306)

MARC details
000 -LEADER
campo de control de longitud fija 01485nam a2200373 i 4500
001 - NÚMERO DE CONTROL
campo de control 184306
003 - IDENTIFICADOR DE NÚMERO DE CONTROL
campo de control ES-MaACL
005 - FECHA Y HORA DE LA ÚLTIMA TRANSACCIÓN
campo de control 20250307141812.0
008 - DATOS DE LONGITUD FIJA--INFORMACIÓN GENERAL
campo de control de longitud fija 150615s2015 sp |||| | spa d
020 ## - NÚMERO INTERNACIONAL ESTÁNDAR DEL LIBRO
Número Internacional Estándar del Libro 978-84-943570-4-6
080 ## - NÚMERO DE LA CLASIFICACIÓN DECIMAL UNIVERSAL
Número de la Clasificación Decimal Universal 821.134.2-1"19"
100 1# - ENTRADA PRINCIPAL--NOMBRE DE PERSONA
Nombre de persona Losada, Miguel
9 (RLIN) 74261
245 10 - MENCIÓN DEL TÍTULO
Título Todas las estrellas solitarias /
Mención de responsabilidad, etc. Miguel Losada ; [prólogo de Fermín Higuera].
246 35 - FORMA VARIANTE DEL TITULO
Título propio/Titulo breve Todas las estrellas solitarias
Resto del título : 1990-2014
250 ## - MENCION DE EDICION
Mención de edición 1ª ed.
260 ## - PUBLICACIÓN, DISTRIBUCIÓN, ETC.
Lugar de publicación, distribución, etc. Madrid :
Nombre del editor, distribuidor, etc. Vitruvio,
Fecha de publicación, distribución, etc. 2015.
300 ## - DESCRIPCIÓN FÍSICA
Extensión 293 p. ;
Dimensiones 21 cm.
490 1# - MENCIÓN DE SERIE
Mención de serie Colección Baños del Carmen ;
Designación de volumen o secuencia 487
505 8# - NOTA DE CONTENIDO CON FORMATO
Nota de contenido con formato Contiene: ;
Título Aceptación y antagonismo de la melancolía /
Mención de responsabilidad Fermín Higuera. --
Título Los campos de la noche ;
-- El bosque azul ;
-- Las ciudades del cielo ;
-- Última forma ;
-- Las orillas oscuras ;
-- La seda otorgada ;
-- Poemas ausentes
700 1# - ENTRADA AGREGADA--NOMBRE PERSONAL
Nombre de persona Higuera, Fermín.
9 (RLIN) 63645
740 42 - ENTRADA AGREGADA--TÍTULO RELACIONADO/ANALÍTICO NO CONTROLADO
Título relacionado o analítico no controlado Los campos de la noche.
740 32 - ENTRADA AGREGADA--TÍTULO RELACIONADO/ANALÍTICO NO CONTROLADO
Título relacionado o analítico no controlado El bosque azul.
740 42 - ENTRADA AGREGADA--TÍTULO RELACIONADO/ANALÍTICO NO CONTROLADO
Título relacionado o analítico no controlado Las ciudades del cielo.
740 02 - ENTRADA AGREGADA--TÍTULO RELACIONADO/ANALÍTICO NO CONTROLADO
Título relacionado o analítico no controlado Última forma.
740 42 - ENTRADA AGREGADA--TÍTULO RELACIONADO/ANALÍTICO NO CONTROLADO
Título relacionado o analítico no controlado Las orillas oscuras.
740 32 - ENTRADA AGREGADA--TÍTULO RELACIONADO/ANALÍTICO NO CONTROLADO
Título relacionado o analítico no controlado La seda otorgada.
740 02 - ENTRADA AGREGADA--TÍTULO RELACIONADO/ANALÍTICO NO CONTROLADO
Título relacionado o analítico no controlado Poemas ausentes.
830 0# - PUNTO DE ACCESO ADICIONAL DE SERIE-TÍTULO UNIFORME
Título uniforme Colección Baños del Carmen
Designación de volumen o secuencia 487
9 (RLIN) 183030
852 ## - LOCALIZACIÓN
Ubicación ES-MaACL
Número de control de estantería A-13545
itemnumber 191302
Sublocalización o colección R.150435
Ubicación en estantería Depósito 1
Signatura antigua Olim: N-6545
Anotaciones manuscritas Dedicatoria autógrafa del autor
Donativo/Legado Donacion: Miguel Losada
903 ## - NOMBRE PERSONAL DE DONANTE
a Losada, Miguel
e Donante
9 74261
942 ## - ELEMENTOS DE ENTRADA SECUNDARIOS (KOHA)
Fuente del sistema de clasificación o colocación Clasificación decimal universal
Tipo de ítem Koha Libro impreso
Holdings
Estatus retirado Estado de pérdida Fuente del sistema de clasificación o colocación Estado de daño No para préstamo Colección Biblioteca de origen Biblioteca actual Ubicación en estantería Fecha de adquisición Fuente de adquisición Número de control de estantería Total de préstamos Signatura topográfica completa Código de barras Visto por última vez Precio de reemplazo Tipo de ítem Koha Nota pública
    Clasificación decimal universal     Libros con dedicatorias Biblioteca del Ateneo de Madrid Biblioteca del Ateneo de Madrid Depósito 1 15/06/2015 Donación 1   A-13545 1193890 23/02/2023 23/02/2023 Libro impreso Dedicatoria autógrafa del autor